| Поле | Название | Значение |
| |
Тип записи |
a |
| |
Библиографический уровень |
m |
| 001 |
Контрольный номер |
RU\infra-m\znanium\bibl\2235327 |
| 005 |
Дата корректировки |
20260429142210.8 |
| 008 |
Кодируемые данные |
260120s2025 RU g rus u |
| 020 |
Индекс ISBN |
__ |
| a |
ISBN |
978-5-9614-2828-5 |
| 040 |
Источник каталогиз. |
__ |
| a |
Служба первич. каталог. |
Общество с ограниченной ответственностью «ЗНАНИУМ» |
| 041 |
Код языка издания |
__ |
| a |
Код языка текста |
rus |
| 044 |
Код страны публикации |
__ |
| a |
Код страны публикации |
RU |
| 080 |
Индекс УДК |
__ |
| a |
Индекс УДК |
32 |
| 084 |
Индекс другой классификации/Индекс ББК |
__ |
| 2 |
Источник индекса |
rubbk |
| a |
Индекс другой классификации/Индекс ББК |
664 |
| 084 |
Индекс другой классификации/Индекс ББК |
__ |
| 2 |
Источник индекса |
okso |
| a |
Индекс другой классификации/Индекс ББК |
41.03.05 |
| 084 |
Индекс другой классификации/Индекс ББК |
__ |
| 2 |
Источник индекса |
okso |
| a |
Индекс другой классификации/Индекс ББК |
41.04.05 |
| 100 |
Автор |
__ |
| a |
Автор |
Бёрнс У. |
| q |
Полное имя |
Бёрнс Уильям |
| 245 |
Заглавие |
__ |
| a |
Заглавие |
Невидимая сила: Как работает американская дипломатия |
| b |
Продолж. заглавия |
Научно-популярная литература |
| 250 |
Сведения об издании |
__ |
| a |
Основные сведения об издании |
1 |
| 260 |
Выходные данные |
__ |
| a |
Место издания |
Москва |
| b |
Издательство |
ООО "Альпина Паблишер" |
| c |
Дата издания |
2026 |
| 300 |
Физическое описание |
__ |
| a |
Объем |
688 с. |
| 520 |
Аннотация |
__ |
| a |
Аннотация |
Уильям Берне названный журналом The Atlantic «секретным дипломатическим оружием» США состоял на службе Госдепартамента США при пяти президентах и десяти госсекретарях. За свою долгую карьеру Берне имел отношение ко множеству значимых событий последних лет: операции «Буря в пустыне» в 1991 г. вторжению в Югославию в 1999 г. обсуждению расширения НАТО ядерной сделке с Ираном. В книге автор раскрывает неизвестные ранее исторические подробности и приводит недавно рассекреченные телеграммы и меморандумы которые дают редкую возможность понять как на самом деле ведется дипломатическая работа — далеко не всегда она идет только по официальным каналам через послов и встречи на высшем уровне. Поскольку с конца 1980-х гг. Уильям Берне активно работал на российском направлении а в 2005-2008 гг. был послом США в РФ его мнение о российской политике и ситуации в стране может дать много ценной информации о том почему российско-американские отношения строились тем или иным образом и почему в итоге они зашли в тупик. |
| 521 |
Примеч. о цел. назн. |
__ |
| a |
Примеч. о целев. назн. |
Дополнительное профессиональное образование |
| 650 |
Тематические рубрики |
__ |
| a |
Основная рубрика |
Политика. Социология |
| x |
Основная подрубрика |
Дипломатия |
| 655 |
Указ. предметных рубрик (устаревшее) |
__ |
| a |
Жанр/ форма (устаревшее) |
Научно-популярная литература |
| 856 |
Электронный адрес документа |
4_ |
| a |
Имя сервера/домена |
znanium.ru |
| m |
Помощь |
ebs_support@infra-m.ru |
| n |
Местонахождение сервера |
НИЦ ИНФРА-М |
| u |
URL |
https://znanium.ru/catalog/document?id=473596 |
| 856 |
Электронный адрес документа |
48 |
| a |
Имя сервера/домена |
znanium.ru |
| d |
Путь |
/cover/2235 |
| f |
Электронное имя |
2235327.jpg |
| q |
Тип электронного формата |
image/jpeg |
| u |
URL |
https://znanium.ru/cover/2235/2235327.jpg |
| 911 |
|
__ |
| u |
|
0030=https://znanium.ru/catalog/document?id=473596 |